| 000 | 00845nas a2200265 4500 | ||
|---|---|---|---|
| 001 | BR0401225 | ||
| 003 | BR-BrBNA | ||
| 005 | 20231205104418.0 | ||
| 007 | ta | ||
| 008 | 230509b bl.|||p| |||| 00| 00por d | ||
| 040 |
_aBR-BrBNA _bpor _cBiblioteca Nacional de Agricultura |
||
| 041 | _a(Pt) | ||
| 072 | _aE71 | ||
| 100 | 1 | _aPinazza, L.A. | |
| 100 | 1 | _aBergamaschi, M. | |
| 245 | 1 | _aG-20 muda dinâmica da OMC; a impressão é de que EUA e UE fincaram um acordo bilateral que atende apenas os seus interesses | |
| 650 | _aMERCADO INTERNACIONAL | ||
| 650 | _aCOMÉRCIO EXTERIOR | ||
| 650 | _aPOLÍTICA COMERCIAL | ||
| 650 | _aALCA | ||
| 650 | _aPRODUTO INTERNO BRUTO | ||
| 773 | 0 |
_tAgroanalysis (Brazil) _xISSN 0100-4298 _g(Dec 2003), v. 23(9) p. 12-14 _wBR0401225 |
|
| 909 |
_a202311 _bLúcia _c55 _dLúcia Elande |
||
| 942 |
_2AGRIS _n0 _cANA |
||
| 999 |
_c178007 _d178007 |
||